Statistics for States In The Sun Belt On A Map

Click here to take the quiz!

General Stats

  • This quiz has been taken 747 times
  • The average score is 17 of 18

Answers on the Map

Answers color-coded by a green-red scale on the quiz's map according to % correct below.
 

Answer Stats

State% Correct
Texas
100%
California
99%
Florida
99%
New Mexico
99%
Alabama
98%
Arizona
98%
Nevada
98%
Georgia
97%
Louisiana
97%
South Carolina
97%
Mississippi
96%
North Carolina
96%
Utah
96%
Oklahoma
95%
Colorado
94%
Tennessee
94%
Arkansas
93%
Kansas
91%

Score Distribution

Percentile by Number Answered

Percent of People with Each Score

Your Score History

You have not taken this quiz